MARC
| LEADER | 00000nam a2200000 a 4500 | ||
|---|---|---|---|
| 001 | UCG7117 | ||
| 003 | CL-VaPUC | ||
| 008 | 110617e20010000GW |||||||||||||||||spa|d | ||
| 020 | |a 3822809527 | ||
| 082 | 0 | 4 | |a 750 |b FEI |2 21 |
| 100 | 0 | |a Feist, Peter H |e author |9 557651 | |
| 245 | 1 | 0 | |a Pierre-Auguste Renoir, 1841-1919: un sueño de armonía |
| 300 | |a 95 p | ||
| 942 | |c BK | ||
| 945 | |d 20110617 00:00:00 |a dcastane | ||
| 260 | |a Colonia |b Taschen |c 2001 | ||
| 600 | 0 | 7 | |a RENOIR, PIERRE-AUGUSTE |2 CL-VaPUC |9 446790 |
| 650 | 0 | |a Pintura |9 265046 | |
| 650 | 0 | |a Pintura francesa |9 266122 | |
| 650 | 0 | |a Pintores franceses |9 340354 | |
| 650 | 7 | |a IMPRESIONISMO |2 CL-VaPUC |9 324638 | |
| 583 | |a last modification |c 20110617 00:00:00 |k Rodrigo Vera | ||
| 999 | |c 345182 |d 345180 | ||
| 952 | |0 0 |1 0 |4 0 |6 750_000000000000000_FEI_2001 |7 0 |8 C |9 443651 |a BIBCUR |b BIBCUR |d 2019-11-22 |i 4785088 |o 750 FEI 2001 |p 4785088 |r 2025-04-22 |w 2019-11-22 |y BK |k CAC | ||